| 000 | 00441nam a2200121Ia 4500 | ||
|---|---|---|---|
| 008 | 151021s9999 xx 000 0 und d | ||
| 050 | _aLC 3988 .K4K57 2002 | ||
| 245 | _a_Special Needs Education Distance Learning module 4 Introduction to Education Resources Part 1 (Theory) / Ben Hiuhu | ||
| 260 | _aNairobi : KISE , 2002 | ||
| 300 | _aix,128 p. | ||
| 650 | _a_Categories of Educational Resources | ||
| 980 | _a^d20110608 12:04:40^okilerai | ||
| 999 |
_c7294 _d7294 |
||